| 000 | 00474nam a2200157Ia 4500 | ||
|---|---|---|---|
| 008 | 151021s9999 xx 000 0 und d | ||
| 020 | _a29636163 | ||
| 050 | _aPC4112.5 .Z22 2005 | ||
| 245 | _a_Macmillan teach yourself Spanish in 24 hours Clark M Zlotchew | ||
| 260 | _aIndianapolis Pearson Education Macmillan 2000 | ||
| 300 | _axvii,510p. | ||
| 500 | _aIncludes index. | ||
| 500 | _aIncludes index. | ||
| 650 | _a_Spanish | ||
| 980 | _a^d20130514 12:06:27^oanne | ||
| 999 |
_c13241 _d13241 |
||